[Event "Another?"]
[Site "http://www.queenalice.com/game.php?id=16350"]
[Date "2005.6.15"]
[Round "-"]
[White "CastleRook"]
[Black "Pestilence"]
[Result "0-1"]
[WhiteElo "1346"]
[BlackElo "1388"]

1. e4 c5 2. Nf3 e6 3. Qe2 Nc6 4. Nc3 g6 5. Nd5 Nf6 6. c4 Bg7 7. Nf4 d6 8. d3 O-O
9. e5 dxe5 10. Nxe5 Nxe5 11. Qxe5 Nd5 12. cxd5 Bxe5 13. dxe6 Bxe6 14. Nh3 Qa5+
15. Bd2 Qa4 16. b3 Qd4 17. Rc1 Rac8 18. Ng5 Qb2 19. Nf3 f6 20. Bh6 Bc3+ 21. Kd1
Bg4 22. h3 Bxf3+ 23. gxf3 g5 24. Rxc3 Qxc3 25. Bxf8 Re8 26. Be2 Qa1+ 0-1

[Event "Challenge"]
[Site "http://www.queenalice.com/game.php?id=16819"]
[Date "2005.6.20"]
[Round "-"]
[White "CastleRook"]
[Black "brenoroberto"]
[Result "1-0"]
[WhiteElo "1337"]
[BlackElo "1314"]

1. e4 e5 2. Nf3 d6 3. d4 f6 4. Nc3 Bg4 5. h3 Bxf3 6. gxf3 Nc6 7. Qd3 Nxd4 8. Be3
Nxf3+ 9. Kd1 a6 10. h4 f5 11. Rh3 Ng1 12. Rh1 Nf3 13. Be2 Nxh4 14. Nd5 c6 15.
Nc3 Nf6 16. Rxh4 Nd7 17. Bh5+ g6 18. Bxg6+ hxg6 19. Rxh8 Nc5 20. Qc4 f4 21. Rh7
fxe3 22. Qf7# 1-0

[Event "Challenge"]
[Site "http://www.queenalice.com/game.php?id=18303"]
[Date "2005.7.4"]
[Round "-"]
[White "CastleRook"]
[Black "Mieke"]
[Result "0-1"]
[WhiteElo "1351"]
[BlackElo "2176"]

1. e4 e5 2. Nf3 Nc6 3. d4 exd4 4. Nxd4 Bc5 5. Nf5 Qf6 6. Be3 Bxe3 7. fxe3 Qxb2
8. Nd2 Nb4 9. Rc1 Nxa2 10. Ra1 Nc3 11. Qc1 Qxc1+ 12. Rxc1 Nf6 13. Bd3 O-O 14.
Nf3 Nfxe4 15. Rf1 Re8 16. Nd2 Nxd2 17. Kxd2 Ne4+ 18. Bxe4 Rxe4 19. Nd4 d5 20. h3
b6 21. Ra1 a5 22. Nb5 Rc4 23. Kd3 Ba6 24. Rab1 Rc5 25. Kd2 Rxb5 26. Rbe1 a4 27.
Rf5 a3 28. Ra1 Bc8 29. Re5 Be6 30. e4 a2 31. Kc1 Raa5 32. c4 dxc4 0-1

[Event "Challenge"]
[Site "http://www.queenalice.com/game.php?id=21468"]
[Date "2005.7.26"]
[Round "-"]
[White "eduardo_bock"]
[Black "CastleRook"]
[Result "0-1"]
[WhiteElo "1345"]
[BlackElo "1340"]

1. e4 e5 2. Nf3 d6 3. d4 f6 4. d5 a6 5. c4 Bd7 6. b4 f5 7. Bg5 Be7 8. h4 Nf6 9.
h5 Nxe4 10. Bd3 Bxg5 11. Nxg5 Nxg5 12. Nc3 e4 13. Bc2 b5 14. f3 e3 15. Qd4 Qe7
16. O-O-O Rf8 17. Rhe1 Kd8 18. Rxe3 Qf7 19. g4 f4 20. Re2 Nxf3 21. Rf1 Nxd4 22.
Ref2 c6 23. Bd3 f3 24. Ne4 Bxg4 25. Nxd6 Qf4+ 26. Kb2 Qxd6 27. c5 Qxd5 28. Bc2
a5 29. a3 Bf5 30. Bd1 axb4 31. axb4 Ra2+ 32. Kc1 Qc4+ 33. Bc2 Rxc2+ 34. Kd1 Rc1+
0-1

[Event "Challenge"]
[Site "http://www.queenalice.com/game.php?id=23707"]
[Date "2005.8.11"]
[Round "-"]
[White "paulmorphy"]
[Black "CastleRook"]
[Result "1-0"]
[WhiteElo "1485"]
[BlackElo "1349"]

1. e4 e5 2. Nf3 Bd6 3. Bc4 h6 4. d3 Nf6 5. O-O O-O 6. Nc3 Nc6 7. h3 b5 8. Bxb5
a6 9. Bxc6 dxc6 10. Re1 g5 11. h4 g4 12. Bxh6 Re8 13. Ng5 g3 14. fxg3 Bg4 15.
Nf3 Bc5+ 16. Kh2 Bf2 17. Qd2 Nh5 18. Qxf2 Kh7 19. Nxe5 f6 20. Nxg4 Re6 21. Qf5+
Kh8 22. Qxe6 Qg8 23. Qxg8+ Rxg8 24. Kh3 1-0

[Event "Challenge"]
[Site "http://www.queenalice.com/game.php?id=33062"]
[Date "2005.10.13"]
[Round "-"]
[White "Pawngal"]
[Black "CastleRook"]
[Result "1-0"]
[WhiteElo "1293"]
[BlackElo "1370"]

1. e4 Nc6 2. Nf3 e5 3. Nc3 d6 4. d4 exd4 5. Nxd4 Ne5 6. Nf3 Qf6 7. Nxe5 Qxe5 8.
Be3 Nf6 9. Bd3 Ng4 10. Qe2 Nxh2 11. f4 Bg4 12. fxe5 Bxe2 13. Nxe2 Ng4 14. Kd2
dxe5 15. Rhf1 O-O-O 16. Rxf7 Bb4+ 17. c3 Bf8 18. Raf1 b6 19. Ng3 Bc5 20. Bxc5
bxc5 21. c4 Rd7 22. Rxd7 Kxd7 23. Rf7+ Kc8 24. Rxg7 Nf6 25. Nf5 Kb8 26. Kc3 Nh5
27. Re7 Nf4 28. a4 Rd8 29. Bf1 Rd1 30. Re8+ Kb7 31. g3 Ng6 32. Bd3 Ra1 33. b3 h5
34. Nh4 Nxh4 35. gxh4 Rh1 36. Rxe5 Rxh4 37. Rf5 Kc6 38. Rf6+ Kb7 39. Rf7 Rh1 40.
e5 Kc8 41. Bf5+ Kd8 42. e6 Ke8 43. Rxc7 h4 44. e7 Rf1 45. Bg6+ Rf7 46. Bxf7+
Kxf7 47. Rxa7 h3 48. e8+=Q+ Kxe8 49. Rh7 h2 50. Rxh2 1-0

[Event "A slow thoughtful game?"]
[Site "http://www.queenalice.com/game.php?id=37859"]
[Date "2005.11.14"]
[Round "-"]
[White "CastleRook"]
[Black "Edgar"]
[Result "0-1"]
[WhiteElo "1356"]
[BlackElo "1717"]

1. d4 c6 2. Nc3 d5 3. e4 dxe4 4. Nxe4 Nf6 5. Bd3 Qxd4 6. Nxf6+ Qxf6 7. Be3 Qxb2
8. Nf3 Bg4 9. O-O e6 10. Qd2 Qa3 11. Ne5 Bf5 12. Bb5 Qb2 13. Rfd1 Be7 14. Qe2
Qxb5 15. Nd3 O-O 16. Rab1 Qa6 17. Qd2 b6 18. Bf4 Qc4 19. Rb2 Bf6 20. Ne5 Qd5 21.
Qe2 Qe4 22. Qd2 Qd5 23. Qe2 Qc5 24. Rc1 Qd4 25. Qf3 Qxb2 26. g3 Bxe5 27. Be3 Rd8
28. Qe2 Bh3 29. f3 Bd4 30. Kf2 Qxc1 31. f4 Bxe3+ 32. Kf3 Bc5 0-1

[Event "Let's Play Chess!"]
[Site "http://www.queenalice.com/game.php?id=43672"]
[Date "2005.12.15"]
[Round "-"]
[White "CastleRook"]
[Black "Chrischi"]
[Result "0-1"]
[WhiteElo "1349"]
[BlackElo "1337"]

1. e4 e5 2. d4 Nc6 3. d5 Nd4 4. c3 c6 5. Bd3 cxd5 6. cxd4 exd4 7. exd5 Qa5+ 8.
Bd2 Qxd5 9. Qg4 Nf6 10. Qe2+ Be7 11. Bb4 d6 12. Nf3 Bg4 13. O-O O-O 14. Nbd2
Rae8 15. Ne4 Bd8 16. Nxd6 Rxe2 17. Bxe2 d3 18. Bd1 a5 19. Bb3 Qh5 20. Ba3 Bxf3
21. gxf3 Qg5+ 22. Kh1 Nh5 23. Rae1 Nf4 24. Rg1 Qh5 25. Rg3 Bh4 26. Bxf7+ Rxf7
27. Nxf7 Bxg3 28. Re8+ Kxf7 29. Re7+ Kf6 30. Kg1 Qxh2+ 0-1

[Event "Another?"]
[Site "http://www.queenalice.com/game.php?id=43673"]
[Date "2005.12.15"]
[Round "-"]
[White "Pestilence"]
[Black "CastleRook"]
[Result "1-0"]
[WhiteElo "1633"]
[BlackElo "1376"]

1. e4 e5 2. f4 d6 3. Nf3 exf4 4. d4 d5 5. Nc3 dxe4 6. Nxe4 f5 7. Nc5 Nc6 8. Bxf4
b6 9. Na6 Be6 10. Nxc7+ Ke7 11. Nxa8 Qxa8 12. d5 Qd8 13. dxc6 Qc8 14. Qd6+ Kf7
15. Ng5+ Kf6 16. Qxe6+ Qxe6+ 17. Nxe6 Kxe6 18. O-O-O Ne7 19. c7 Nc8 20. Rd8 Ne7
21. Bg5 1-0

[Event "Let's Play Chess!"]
[Site "http://www.queenalice.com/game.php?id=46251"]
[Date "2006.1.3"]
[Round "-"]
[White "CastleRook"]
[Black "fredofm"]
[Result "1-0"]
[WhiteElo "1354"]
[BlackElo "1513"]

1. e4 e5 2. Nf3 d6 3. d4 Nc6 4. d5 Nce7 5. Nc3 Bg4 6. h3 Bxf3 7. gxf3 c6 8. Qd3
cxd5 9. exd5 Nf6 10. Qb5+ Qd7 11. Qxd7+ Nxd7 12. Nb5 Rc8 13. Nxd6+ Kd8 14. Nxf7+
Ke8 15. Nxh8 Rxc2 16. Bd3 Rc5 17. Bxh7 Rxd5 18. Bg6+ Nxg6 19. Nxg6 Bb4+ 20. Kf1
Rd1+ 21. Kg2 Rd6 22. Nh4 Nf6 23. Nf5 Rd5 24. Nxg7+ Kf7 25. Bh6 Bf8 26. Nf5 e4
27. fxe4 Nxe4 28. Bxf8 Rxf5 29. Bb4 Rxf2+ 30. Kg1 Rxb2 31. Rf1+ Nf2 32. Rxf2+
Rxf2 33. Kxf2 b6 34. h4 a5 35. Ba3 Kg6 36. h5+ Kh7 37. h6 b5 38. Bc1 1-0

[Event "Let's Play Chess!"]
[Site "http://www.queenalice.com/game.php?id=46252"]
[Date "2006.1.3"]
[Round "-"]
[White "cipripereira"]
[Black "CastleRook"]
[Result "1-0"]
[WhiteElo "1673"]
[BlackElo "1377"]

1. e4 e5 2. Bc4 Nf6 3. d3 c6 4. Bd2 Na6 5. a3 Nc5 6. Nf3 d5 7. exd5 cxd5 8. Bb5+
Bd7 9. Bxd7+ Qxd7 10. Nxe5 Qe6 11. Qe2 Bd6 12. d4 Na4 13. Qb5+ Nd7 14. Qxa4 O-O
15. O-O Rad8 16. f4 Qf5 17. Qxa7 Qxc2 18. Qxb7 Nxe5 19. fxe5 Bb8 20. Ba5 Rc8 21.
Bb4 Rfd8 22. Ba5 Bc7 23. Bc3 Rf8 24. Qxd5 Kh8 25. Nd2 Qd3 26. Rf3 Qa6 27. Bb4
Rg8 28. Rxf7 Qh6 29. Raf1 Qe3+ 30. Kh1 Rcd8 31. Qc5 Bb8 32. Bc3 h5 33. Nc4 Qe2
34. R7f2 Qg4 35. Qb6 h4 36. Ne3 Qe4 37. Rf4 Qxe3 38. Rxh4+ Qh6 39. Rxh6+ gxh6
40. Qxh6# 1-0

[Event "Challenge"]
[Site "http://www.queenalice.com/game.php?id=51356"]
[Date "2006.2.6"]
[Round "-"]
[White "jajerduco"]
[Black "CastleRook"]
[Result "1-0"]
[WhiteElo "1323"]
[BlackElo "1377"]

1. e4 e5 2. Nf3 d6 3. d4 Nf6 4. dxe5 Nxe4 5. Qd5 f5 6. Bc4 Ng5 7. Bxg5 Be7 8.
Qf7+ Kd7 9. Qe6+ Ke8 10. Qf7+ Kd7 11. e6+ Kc6 12. Nd4+ Kc5 13. Nd2 Bxg5 14.
Qxf5+ Kxd4 15. Qd5# 1-0

[Event "Challenge"]
[Site "http://www.queenalice.com/game.php?id=51702"]
[Date "2006.2.8"]
[Round "-"]
[White "bm2099"]
[Black "CastleRook"]
[Result "1-0"]
[WhiteElo "1382"]
[BlackElo "1364"]

1. Nf3 d5 2. e3 Nc6 3. d4 e6 4. Bb5 a6 5. Bd3 Nf6 6. Nc3 Qd6 7. Ne5 Ne7 8. b3
Nc6 9. Nxc6 bxc6 10. a4 h5 11. Ba3 c5 12. dxc5 Qd7 13. Qf3 c6 14. e4 Be7 15.
O-O-O Ng4 16. Qg3 Bg5+ 17. f4 Bh6 18. h3 Nf6 19. e5 Ng8 20. Kb1 Ne7 21. Rhf1 f5
22. Be2 g6 23. Qh4 Ng8 24. g4 fxg4 25. hxg4 Bxf4 26. Rxf4 Nh6 27. gxh5 Nf5 28.
Qg5 Qg7 29. Bg4 Nh6 30. Bxe6 Bxe6 31. Rf6 O-O-O 32. Rxe6 Kd7 33. Rxg6 Qf8 34.
e6+ Kc7 35. Rg7+ Kc8 36. e7 Qe8 37. exd8=Q+ Qxd8 38. Qg6 Qe8 39. Qd6 Qd8 40.
Qxc6+ 1-0

[Event "whawhahwha"]
[Site "http://www.queenalice.com/game.php?id=53168"]
[Date "2006.2.15"]
[Round "-"]
[White "ifrozeup"]
[Black "CastleRook"]
[Result "1-0"]
[WhiteElo "1552"]
[BlackElo "1373"]

1. e4 e5 2. Nf3 d6 3. d4 Nc6 4. Bb5 a6 5. Bxc6+ bxc6 6. dxe5 f6 7. exf6 Qxf6 8.
Bg5 Qxb2 9. Nbd2 Be6 10. O-O Bxa2 11. c4 Rb8 12. Qa4 Bb3 13. Qxc6+ Kf7 14. Qxc7+
Ke6 15. Qxb8 h6 16. Rab1 Bxc4 17. Rxb2 Bxf1 18. Rb7 hxg5 19. Qc8+ Kf6 20. Qf5#
1-0

[Event "Challenge"]
[Site "http://www.queenalice.com/game.php?id=59034"]
[Date "2006.3.23"]
[Round "-"]
[White "li2carpio"]
[Black "CastleRook"]
[Result "1-0"]
[WhiteElo "1785"]
[BlackElo "1349"]

1. e4 e5 2. Nf3 d5 3. exd5 Qxd5 4. Nc3 Qd6 5. d3 g6 6. Be2 Nc6 7. Bg5 f6 8. Be3
Nge7 9. Nb5 Qd7 10. c3 g5 11. d4 Nf5 12. Nd2 Nh4 13. Qb3 Nxg2+ 14. Kd1 Qh3 15.
Nxc7+ Kd8 16. Nxa8 Be6 17. Qxb7 exd4 18. Qc7+ Ke8 19. Qxc6+ Bd7 20. Qe4+ Be7 21.
Bxd4 Kf7 22. Bc4+ Kf8 23. Nc7 Bg4+ 24. f3 Bf5 25. Ne6+ Bxe6 26. Bxe6 Qh5 27. Kc2
Qe8 28. Raf1 Qa4+ 29. Bb3 Qd7 30. f4 Nh4 31. fxg5 1-0